000 00382nam a22001577a 4500
005 20250516123953.0
008 250516b |||||||| |||| 00| 0 eng d
020 _a9788122425871
050 _aHD 31 KUM
_b1
100 _aKUMAR, S.Anil
245 _aOperations management
260 _aNew Delhi
_bNew Age
_c2009p
300 _axii,277p
700 _aSURESH .N
942 _2lcc
_cBK
_n0
999 _c5809
_d5809